[Event "Landesklasse Ost 2025/26"]
[Site "?"]
[Date "2026.03.29"]
[Round "8.1"]
[White "Albrecht, Jürgen"]
[Black "Liebold, Aaron"]
[Result "1/2-1/2"]
[WhiteElo "1988"]
[BlackElo "2115"]
[WhiteFideId "-1"]
[BlackFideId "-1"]
[PlyCount "43"]
[GameId "561670585642"]
[EventDate "2025.09.14"]
[EventType "team-tourn"]
[EventRounds "9"]
[SourceTitle "Thueringer Schachbund"]
[Source "ThSB"]
[SourceDate "2025.09.14"]
[SourceVersion "1"]
[SourceVersionDate "2025.09.14"]
[SourceQuality "1"]
[WhiteTeam "SSV Vimaria 91 Weimar 2"]
[BlackTeam "ESV Gera"]

{[%evp 0,43,20,18,86,65,86,87,79,36,91,64,94,71,125,53,55,41,53,42,4,6,49,44,42,42,11,12,38,25,31,31,26,100,95,95,95,74,74,65,70,9,37,17,62,6]} 1. e4 c5 2. Nf3 d6 3. d4 cxd4 4. Nxd4 Nf6 5. Nc3 a6 6. Bg5 e6 7. f4 h6 8. Bh4 Qb6 9. a3 Nbd7 10. Bf2 Qc7 11. Qe2 Be7 12. O-O-O b5 13. g3 Rb8 14. Bg2 b4 15. axb4 Rxb4 16. e5 dxe5 17. Nc6 exf4 18. Nxb4 Bxb4 19. Ne4 O-O 20. gxf4 Qxf4+ 21. Be3 Qc7 22. Rhg1 1/2-1/2

[Event "Landesklasse Ost 2025/26"]
[Site "?"]
[Date "2026.03.29"]
[Round "8.2"]
[White "Puschendorf, Steffen"]
[Black "Kölpin, Arvid"]
[Result "1/2-1/2"]
[WhiteElo "2023"]
[BlackElo "1951"]
[WhiteFideId "-1"]
[BlackFideId "-1"]
[PlyCount "120"]
[GameId "561670585696"]
[EventDate "2025.09.14"]
[EventType "team-tourn"]
[EventRounds "9"]
[SourceTitle "Thueringer Schachbund"]
[Source "ThSB"]
[SourceDate "2025.09.14"]
[SourceVersion "1"]
[SourceVersionDate "2025.09.14"]
[SourceQuality "1"]
[WhiteTeam "ESV Gera"]
[BlackTeam "SSV Vimaria 91 Weimar 2"]

{[%evp 0,120,20,20,25,-19,17,2,0,0,0,-47,19,11,43,-33,-28,-136,-115,-118,-58,-64,-64,-48,-2,-24,-15,12,14,36,63,21,47,1,11,-13,-16,-35,-35,-49,-1,55,92,76,109,95,43,88,77,85,69,73,80,31,45,29,38,49,43,40,43,43,43,80,80,85,88,87,86,62,73,84,94,83,65,74,81,73,71,83,83,73,84,66,77,75,124,92,114,102,102,94,85,85,80,9,9,20,130,93,135,135,142,76,76,113,147,147,336,299,526,374,289,289,463,446,188,154,154,98,91,91,91]} 1. d4 d5 2. c4 e6 3. Nc3 Nf6 4. cxd5 exd5 5. Bf4 c6 6. e3 Bf5 7. f3 Nh5 8. Qb3 Nxf4 9. Qxb7 Qb6 10. Qxb6 axb6 11. exf4 h5 12. g3 Bb4 13. Bh3 Bd3 14. Kd2 Bc4 15. a3 O-O 16. Re1 Bd6 17. Nge2 c5 18. dxc5 bxc5 19. Bf5 d4 20. Ne4 Be7 21. Rc1 Bxe2 22. Kxe2 Na6 23. Nd2 Rab8 24. Nc4 Nc7 25. Be4 Nb5 26. Rc2 Nd6 27. Bd3 Nxc4 28. Bxc4 Bf6 29. Rb1 Rfe8+ 30. Kf2 Re3 31. Re2 Rxe2+ 32. Kxe2 Re8+ 33. Kf2 Ra8 34. Bb5 Kf8 35. Ke2 Ke7 36. Kd3 Kd6 37. a4 h4 38. g4 g5 39. fxg5 Bxg5 40. h3 Ra7 41. Re1 Be3 42. b3 f5 43. gxf5 Ke5 44. Ra1 Kxf5 45. a5 Kf4 46. a6 Kg3 47. Bc6 Kxh3 48. Bb7 Kg3 49. Ra5 Bf4 50. Rxc5 h3 51. Rh5 h2 52. b4 Kg2 53. b5 Rxb7 54. axb7 h1=Q 55. Rxh1 Kxh1 56. Ke4 Bb8 57. f4 d3 58. Kxd3 Bxf4 59. Ke4 Bg3 60. Kf3 Kh2 1/2-1/2

[Event "Landesklasse Ost 2025/26"]
[Site "?"]
[Date "2026.03.29"]
[Round "8.3"]
[White "Günther, Arthur"]
[Black "Hanmuradov, Ülwi"]
[Result "0-1"]
[WhiteElo "1903"]
[BlackElo "1821"]
[WhiteFideId "-1"]
[BlackFideId "-1"]
[PlyCount "74"]
[GameId "561670585700"]
[EventDate "2025.09.14"]
[EventType "team-tourn"]
[EventRounds "9"]
[SourceTitle "Thueringer Schachbund"]
[Source "ThSB"]
[SourceDate "2025.09.14"]
[SourceVersion "1"]
[SourceVersionDate "2025.09.14"]
[SourceQuality "1"]
[WhiteTeam "SSV Vimaria 91 Weimar 2"]
[BlackTeam "ESV Gera"]

{[%evp 0,74,20,20,20,20,16,16,80,3,47,11,66,46,78,83,83,74,48,-13,-32,-35,-24,-55,-38,-57,-53,-75,-43,-39,-55,-55,-55,-30,-2,-9,26,-10,-3,-41,19,-42,-29,-37,-19,-23,-3,-3,-6,-9,-9,-10,-4,-18,-13,-39,-39,-44,-41,-43,-43,-43,-40,-44,-38,-38,-38,-50,-26,-43,-20,-38,-93,-78,-107,-122,-96]} 1. d4 Nf6 2. Nf3 d5 3. e3 c5 4. c4 cxd4 5. exd4 g6 6. Nc3 Bg7 7. Qb3 O-O 8. cxd5 Nbd7 9. g3 Nb6 10. Bg2 Nfxd5 11. Nxd5 Qxd5 12. Qxd5 Nxd5 13. Be3 h6 14. a3 Be6 15. Rc1 Rac8 16. O-O Rxc1 17. Rxc1 Rc8 18. Rxc8+ Bxc8 19. Kf1 Kf8 20. Nd2 Be6 21. Ne4 b6 22. Nc3 Nxc3 23. bxc3 Bc4+ 24. Ke1 Ke8 25. Bc6+ Kd8 26. Bf4 g5 27. Bc1 Kc7 28. Bf3 e5 29. h4 exd4 30. hxg5 hxg5 31. cxd4 Bxd4 32. Bxg5 Kd6 33. Bh6 Kc5 34. Be2 Bxe2 35. Kxe2 Kc4 36. Bc1 Kb3 37. f4 f5 0-1

[Event "Landesklasse Ost 2025/26"]
[Site "?"]
[Date "2026.03.29"]
[Round "8.4"]
[White "Hilbig, Dieter"]
[Black "Günther, Andreas"]
[Result "1/2-1/2"]
[WhiteElo "1793"]
[BlackElo "2082"]
[WhiteFideId "-1"]
[BlackFideId "-1"]
[PlyCount "38"]
[GameId "561670585702"]
[EventDate "2025.09.14"]
[EventType "team-tourn"]
[EventRounds "9"]
[SourceTitle "Thueringer Schachbund"]
[Source "ThSB"]
[SourceDate "2025.09.14"]
[SourceVersion "1"]
[SourceVersionDate "2025.09.14"]
[SourceQuality "1"]
[WhiteTeam "ESV Gera"]
[BlackTeam "SSV Vimaria 91 Weimar 2"]

{[%evp 0,38,20,18,18,18,61,11,130,91,119,73,92,83,109,71,127,96,99,99,120,69,69,55,76,36,33,-12,51,11,11,19,20,-54,-42,-42,-26,-45,-4,-4,39]} 1. e4 d5 2. exd5 Qxd5 3. Nc3 Qd8 4. d4 Nf6 5. Bc4 e6 6. Nf3 a6 7. O-O b5 8. Bd3 Bb7 9. Bg5 Be7 10. Bxf6 Bxf6 11. Ne4 O-O 12. c3 Nd7 13. Qc2 g6 14. Nxf6+ Nxf6 15. Ne5 Qd5 16. f4 c5 17. dxc5 Qxc5+ 18. Qf2 Rac8 19. a4 Qxf2+ 1/2-1/2

[Event "Landesklasse Ost 2025/26"]
[Site "?"]
[Date "2026.03.29"]
[Round "8.5"]
[White "Gulich, Christian"]
[Black "Kupper, Matthias"]
[Result "1/2-1/2"]
[WhiteElo "1905"]
[BlackElo "1729"]
[WhiteFideId "-1"]
[BlackFideId "-1"]
[PlyCount "52"]
[GameId "561670585707"]
[EventDate "2025.09.14"]
[EventType "team-tourn"]
[EventRounds "9"]
[SourceTitle "Thueringer Schachbund"]
[Source "ThSB"]
[SourceDate "2025.09.14"]
[SourceVersion "1"]
[SourceVersionDate "2025.09.14"]
[SourceQuality "1"]
[WhiteTeam "SSV Vimaria 91 Weimar 2"]
[BlackTeam "ESV Gera"]

{[%evp 0,52,13,18,86,65,111,79,79,49,91,64,94,68,125,46,86,40,40,46,57,32,67,34,35,-7,-3,5,2,2,-1,-4,-4,-32,-2,73,134,25,31,45,137,64,50,-118,-118,-146,-200,-214,200,-213,-213,-97,-123,-123,-123]} 1. e4 c5 2. Nf3 d6 3. d4 cxd4 4. Nxd4 Nf6 5. Nc3 a6 6. Bg5 e6 7. f4 Be7 8. Qf3 O-O 9. O-O-O Nbd7 10. Kb1 Qc7 11. g4 b5 12. Bxf6 Bxf6 13. g5 Bxd4 14. Rxd4 Bb7 15. Bg2 f5 16. Rhd1 fxe4 17. Qh3 Nc5 18. Bxe4 Bxe4 19. Nxe4 e5 20. g6 h6 21. Rxd6 Nxe4 22. Qe6+ Kh8 23. Rd7 Rae8 24. Qf7 Rxf7 25. gxf7 Qxd7 26. Rxd7 Rf8 1/2-1/2

[Event "Landesklasse Ost 2025/26"]
[Site "?"]
[Date "2026.03.29"]
[Round "8.6"]
[White "Wille, Carsten"]
[Black "Homberger, Jan"]
[Result "0-1"]
[WhiteElo "1618"]
[BlackElo "1877"]
[WhiteFideId "-1"]
[BlackFideId "-1"]
[PlyCount "66"]
[GameId "561670585711"]
[EventDate "2025.09.14"]
[EventType "team-tourn"]
[EventRounds "9"]
[SourceTitle "Thueringer Schachbund"]
[Source "ThSB"]
[SourceDate "2025.09.14"]
[SourceVersion "1"]
[SourceVersionDate "2025.09.14"]
[SourceQuality "1"]
[WhiteTeam "ESV Gera"]
[BlackTeam "SSV Vimaria 91 Weimar 2"]

{[%evp 0,66,18,16,51,20,26,-6,47,11,-8,-76,-76,-90,-82,-79,-80,-106,-106,-100,-67,-67,-67,-123,-42,-28,-9,-13,19,2,2,25,25,-1,-20,-39,7,-70,-70,-47,-14,1,5,5,9,-35,31,1,31,3,19,36,59,23,21,-215,-232,-209,-209,-209,-209,-268,-268,-282,-252,-266,-237,-528,-541]} 1. Nf3 d5 2. d4 Nf6 3. g3 c5 4. Bg2 cxd4 5. Nxd4 e5 6. Nf3 Nc6 7. O-O Bc5 8. e3 Bg4 9. h3 Bh5 10. g4 Bg6 11. c4 d4 12. exd4 exd4 13. Re1+ Be7 14. Ne5 Nxe5 15. Rxe5 O-O 16. Bxb7 Rb8 17. Bg2 Qc7 18. Re1 Bb4 19. Nd2 h5 20. a3 Bxd2 21. Qxd2 Qxc4 22. g5 Nh7 23. Bf1 Qd5 24. Bg2 Qd7 25. b4 Rfd8 26. Re5 Rbc8 27. Bb2 Rc2 28. Qxd4 Qxd4 29. Bxd4 Rxd4 30. Re8+ Nf8 31. Ra8 Rd7 32. Re1 f6 33. Ree8 Bxe8 0-1

[Event "Landesklasse Ost 2025/26"]
[Site "?"]
[Date "2026.03.29"]
[Round "8.7"]
[White "Bemmann, Carlo"]
[Black "Jeziak, Lucas"]
[Result "1-0"]
[WhiteElo "1816"]
[BlackElo "1442"]
[WhiteFideId "-1"]
[BlackFideId "-1"]
[PlyCount "69"]
[GameId "561670585712"]
[EventDate "2025.09.14"]
[EventType "team-tourn"]
[EventRounds "9"]
[SourceTitle "Thueringer Schachbund"]
[Source "ThSB"]
[SourceDate "2025.09.14"]
[SourceVersion "1"]
[SourceVersionDate "2025.09.14"]
[SourceQuality "1"]
[WhiteTeam "SSV Vimaria 91 Weimar 2"]
[BlackTeam "ESV Gera"]

{[%evp 0,69,18,18,86,90,100,-11,79,49,103,69,119,103,100,111,168,85,124,155,150,152,152,161,161,161,161,130,125,104,162,162,213,187,227,193,216,202,221,197,197,206,206,206,228,227,231,222,215,217,243,165,266,227,325,296,324,295,312,271,393,394,513,472,472,567,567,567,567,435,490,396]} 1. e4 c5 2. Nf3 Nc6 3. c3 g6 4. d4 cxd4 5. cxd4 Bg7 6. d5 Ne5 7. Nc3 d6 8. Be2 Bg4 9. Nxe5 Bxe2 10. Qa4+ b5 11. Nxb5 Bxe5 12. Kxe2 Kf8 13. Nd4 Qb6 14. Nc6 Bg7 15. Rb1 a6 16. Be3 Qb7 17. Bd4 Nf6 18. f3 e5 19. Be3 Qb5+ 20. Qxb5 axb5 21. a3 Ke8 22. Rbc1 Kd7 23. Rc2 Rhc8 24. Rhc1 Ne8 25. Na7 Rcb8 26. Rc6 Rb7 27. Nc8 Rab8 28. b3 f5 29. g3 Rc7 30. Nb6+ Kd8 31. Bg5+ Bf6 32. Bxf6+ Nxf6 33. Rxc7 Rxb6 34. Rf7 Nd7 35. Rc6 1-0

[Event "Landesklasse Ost 2025/26"]
[Site "?"]
[Date "2026.03.29"]
[Round "8.8"]
[White "Meusel, Theo"]
[Black "Han, Erdem"]
[Result "0-1"]
[WhiteElo "1554"]
[BlackElo "1878"]
[WhiteFideId "-1"]
[BlackFideId "-1"]
[PlyCount "66"]
[GameId "561670585713"]
[EventDate "2025.09.14"]
[EventType "team-tourn"]
[EventRounds "9"]
[SourceTitle "Thueringer Schachbund"]
[Source "ThSB"]
[SourceDate "2025.09.14"]
[SourceVersion "1"]
[SourceVersionDate "2025.09.14"]
[SourceQuality "1"]
[WhiteTeam "ESV Gera"]
[BlackTeam "SSV Vimaria 91 Weimar 2"]

{[%evp 0,66,18,18,90,90,100,-4,96,0,32,3,3,9,29,-25,-24,-57,-31,-20,14,7,7,-31,-4,-46,-11,-34,275,65,188,42,785,119,119,48,23,23,14,-44,-16,-51,-31,-338,-336,-305,-230,-181,-175,-200,-180,-316,-316,-388,-201,-273,-230,-230,-230,-290,-294,-294,-256,-340,-261,-534,-565,-29993,-29994]} 1. e4 c5 2. Nf3 Nc6 3. g3 g6 4. Bg2 Bg7 5. O-O d6 6. d3 Nf6 7. Nbd2 O-O 8. Re1 e5 9. b3 h6 10. Bb2 Be6 11. c4 Nd7 12. Nh4 Kh8 13. Rf1 f5 14. exf5 gxf5 15. f4 Qe7 16. Qh5 Qf7 17. Qe2 exf4 18. Bxg7+ Kxg7 19. Rxf4 Nd4 20. Qf1 Ne5 21. Bxb7 Qxb7 22. Re1 Rf6 23. Ne4 Raf8 24. Nxf6 Rxf6 25. Ree4 fxe4 26. Rxf6 Ndf3+ 27. Nxf3 Nxf3+ 28. Rxf3 exf3 29. Qe1 Qf7 30. Kf2 Qf6 31. Qe3 Bg4 32. Qd2 Qd4+ 33. Kf1 Bh3+ 0-1

[Event "Landesklasse Ost 2025/26"]
[Site "?"]
[Date "2026.03.29"]
[Round "8.1"]
[White "Röder, Bastian"]
[Black "Schulz, Phillip"]
[Result "1/2-1/2"]
[WhiteElo "1876"]
[BlackElo "1968"]
[WhiteFideId "-1"]
[BlackFideId "-1"]
[PlyCount "75"]
[GameId "561670675686"]
[EventDate "2025.09.14"]
[EventType "team-tourn"]
[EventRounds "9"]
[SourceTitle "Thueringer Schachbund"]
[Source "ThSB"]
[SourceDate "2025.09.14"]
[SourceVersion "1"]
[SourceVersionDate "2025.09.14"]
[SourceQuality "1"]
[WhiteTeam "SC Rochade Zeulenroda"]
[BlackTeam "TV 1887 Germania Hermsdorf"]

{[%evp 0,75,18,18,90,47,111,79,79,49,64,64,78,68,125,46,86,35,35,7,54,54,53,65,69,69,34,-124,-148,-148,-188,-59,-42,-179,-82,-68,-79,-86,-66,-66,-112,-122,-122,-153,-123,-122,-90,-281,-177,-149,-158,-230,-39,-39,-61,-64,-2,-2,-11,-11,-12,-12,-6,-37,0,-4,-6,-11,-11,-29,-7,-11,0,-7,-22,-22,-10,-22]} 1. e4 c5 2. Nf3 d6 3. d4 cxd4 4. Nxd4 Nf6 5. Nc3 a6 6. Bg5 e6 7. f4 Be7 8. Qf3 h6 9. Bh4 Nbd7 10. O-O-O Qc7 11. Be2 b5 12. e5 Bb7 13. exf6 Bxf3 14. Bxf3 d5 15. Nxe6 fxe6 16. Bh5+ Kd8 17. fxe7+ Kc8 18. Rhf1 Kb7 19. Bf7 b4 20. Nxd5 exd5 21. Bxd5+ Ka7 22. Bf2+ Nb6 23. Rfe1 Rac8 24. Rd2 Kb8 25. Bf7 Rhe8 26. Bxe8 Rxe8 27. f5 Rxe7 28. Rxe7 Qxe7 29. Bxb6 Kb7 30. Bd4 Qg5 31. g3 h5 32. c3 bxc3 33. Bxc3 Qxf5 34. Bxg7 Qf1+ 35. Kc2 Qc4+ 36. Kb1 Qf1+ 37. Kc2 Qc4+ 38. Kb1 1/2-1/2

[Event "Landesklasse Ost 2025/26"]
[Site "?"]
[Date "2026.03.29"]
[Round "8.2"]
[White "Wentzel, Florian"]
[Black "Prütting, Marcus"]
[Result "1-0"]
[WhiteElo "2053"]
[BlackElo "1909"]
[WhiteFideId "-1"]
[BlackFideId "-1"]
[PlyCount "129"]
[GameId "2293998482874816"]
[EventDate "2025.09.14"]
[EventType "team-tourn"]
[EventRounds "9"]
[SourceTitle "Thueringer Schachbund"]
[Source "ThSB"]
[SourceDate "2025.09.14"]
[SourceVersion "1"]
[SourceVersionDate "2025.09.14"]
[SourceQuality "1"]
[WhiteTeam "TV 1887 Germania Hermsdorf"]
[BlackTeam "SC Rochade Zeulenroda"]

{[%evp 0,129,18,18,72,67,49,49,55,50,51,7,35,8,-29,-21,20,16,47,-41,-39,3,44,4,39,39,45,-2,39,2,33,33,33,66,55,38,79,70,68,16,84,74,108,119,207,172,172,172,172,170,154,165,180,142,200,113,167,185,175,167,171,245,245,201,198,221,211,211,211,211,233,214,214,158,156,153,170,159,181,164,183,149,206,198,227,194,223,216,213,196,204,222,242,237,253,160,160,127,148,96,128,116,138,138,192,155,131,112,112,88,98,86,86,90,82,82,92,101,97,96,96,90,96,77,88,69,69,64,67,58,67,58]} 1. e4 c6 2. Nf3 d5 3. Nc3 dxe4 4. Nxe4 Nf6 5. Ng3 h5 6. h3 h4 7. Ne2 Bf5 8. Ned4 Bg6 9. Bc4 e6 10. O-O Be7 11. Re1 Nd5 12. Ne5 Bh5 13. Be2 Nf6 14. Bxh5 Rxh5 15. Ndf3 Nbd7 16. d4 Nxe5 17. Nxe5 Qc7 18. c3 Bd6 19. Ng4 Nxg4 20. Qxg4 Rh8 21. Bg5 Be7 22. Bf4 Qd8 23. Qxg7 Bf6 24. Qg4 Qe7 25. Bh2 Rd8 26. Re4 Bg5 27. Qf3 Rg8 28. Rae1 Rg6 29. Qh5 Kd7 30. f4 Bf6 31. f5 Rg5 32. Qxf7 Rxf5 33. Qxe6+ Qxe6 34. Rxe6 Rg8 35. Rd6+ Kc8 36. Rf1 Rxf1+ 37. Kxf1 Be7 38. Re6 Kd7 39. Re4 b5 40. Rg4 Rf8+ 41. Ke2 Re8 42. Be5 a5 43. Kf3 Rf8+ 44. Bf4 a4 45. Ke4 a3 46. bxa3 Ra8 47. Bg5 Bxg5 48. Rxg5 Rxa3 49. Ke5 Rxc3 50. Rg7+ Kc8 51. Kd6 Kb8 52. Rc7 Rc4 53. Rxc6 Rxd4+ 54. Kc5 Ra4 55. Kxb5 Rxa2 56. Rg6 Kc7 57. Kc5 Rd2 58. Rg7+ Kd8 59. Kc4 Ke8 60. Kc3 Rf2 61. Rg4 Kf7 62. Kd3 Kf6 63. Ke3 Ra2 64. Kf3 Ra3+ 65. Kf2 1-0

[Event "Landesklasse Ost 2025/26"]
[Site "?"]
[Date "2026.03.29"]
[Round "8.3"]
[White "Fuchs, Antje"]
[Black "Moje, Hans-Jürgen"]
[Result "1/2-1/2"]
[WhiteElo "1908"]
[BlackElo "1800"]
[WhiteFideId "-1"]
[BlackFideId "-1"]
[PlyCount "105"]
[GameId "2294001293566874"]
[EventDate "2025.09.14"]
[EventType "team-tourn"]
[EventRounds "9"]
[SourceTitle "Thueringer Schachbund"]
[Source "ThSB"]
[SourceDate "2025.09.14"]
[SourceVersion "1"]
[SourceVersionDate "2025.09.14"]
[SourceQuality "1"]
[WhiteTeam "SC Rochade Zeulenroda"]
[BlackTeam "TV 1887 Germania Hermsdorf"]

{[%evp 0,105,18,19,46,18,62,19,-9,-25,-26,-128,-37,-111,-41,-39,-58,-60,18,-55,-24,-24,-43,-18,3,-16,-7,-5,-1,-10,19,-7,21,1,60,56,56,46,86,57,62,51,51,54,78,2,34,38,38,16,48,47,37,17,4,-7,13,8,20,-5,20,37,60,19,37,-3,-7,-9,1,-2,47,8,73,71,62,30,71,25,58,58,78,43,41,-36,-25,-37,-34,-49,-46,-53,-49,-49,-49,-49,-49,-49,-49,-49,-49,-40,-18,-24,-14,-38,-35,-53,-26,-49]} 1. e4 e5 2. Nf3 Nc6 3. Bb5 a6 4. Ba4 Nf6 5. c3 Be7 6. O-O O-O 7. d3 b5 8. Bc2 d5 9. Nbd2 dxe4 10. Nxe4 Nxe4 11. dxe4 Qxd1 12. Rxd1 Bg4 13. Be3 Rad8 14. h3 Be6 15. a4 Rxd1+ 16. Rxd1 Bd6 17. axb5 axb5 18. Ra1 b4 19. Bd3 bxc3 20. bxc3 Rb8 21. Ng5 Nd8 22. g4 h6 23. Nxe6 Nxe6 24. Bc4 Ng5 25. Bxg5 hxg5 26. Ra7 Kf8 27. Bd5 Rb1+ 28. Kg2 Rb2 29. Ra5 Rb8 30. c4 Be7 31. Bc6 f6 32. c5 g6 33. Bd5 Kg7 34. Ra7 Bd8 35. Kf3 Kf8 36. Ke3 Ke7 37. Bb7 Kf8 38. Kd3 Ke7 39. Kc4 Ke6 40. Kb5 Kd7 41. c6+ Ke6 42. Ra3 Be7 43. Rd3 Bd6 44. Kc4 Rh8 45. Rf3 Rf8 46. Rd3 Rb8 47. Rd1 Rh8 48. Rd3 Rf8 49. Kc3 Rd8 50. Kc2 Rf8 51. Kd1 Rh8 52. Ke2 Ke7 53. Kd1 1/2-1/2

[Event "Landesklasse Ost 2025/26"]
[Site "?"]
[Date "2026.03.29"]
[Round "8.4"]
[White "Hadlich, Gerald"]
[Black "Skibbe, Diana"]
[Result "1-0"]
[WhiteElo "1765"]
[BlackElo "1884"]
[WhiteFideId "-1"]
[BlackFideId "-1"]
[PlyCount "105"]
[GameId "561670675687"]
[EventDate "2025.09.14"]
[EventType "team-tourn"]
[EventRounds "9"]
[SourceTitle "Thueringer Schachbund"]
[Source "ThSB"]
[SourceDate "2025.09.14"]
[SourceVersion "1"]
[SourceVersionDate "2025.09.14"]
[SourceQuality "1"]
[WhiteTeam "TV 1887 Germania Hermsdorf"]
[BlackTeam "SC Rochade Zeulenroda"]

{[%evp 0,105,18,19,18,18,62,19,-5,-9,8,-20,-13,-26,3,29,248,53,170,170,170,170,434,436,436,471,470,473,540,518,518,569,574,539,497,495,497,419,500,500,573,576,576,564,712,527,494,526,572,480,509,456,464,425,463,418,455,440,535,315,315,326,353,366,393,320,346,346,374,360,362,364,349,373,385,355,458,492,495,484,490,490,512,413,593,555,548,486,547,547,601,547,547,499,688,651,662,604,604,563,695,695,735,782,873,873,29997,29998]} 1. e4 e5 2. Nf3 Nc6 3. Bb5 a6 4. Bxc6 dxc6 5. O-O Bg4 6. h3 h5 7. d3 Qf6 8. Nbd2 O-O-O 9. hxg4 hxg4 10. Nh2 Rxh2 11. Qxg4+ Kb8 12. Kxh2 Nh6 13. Qg3 Be7 14. Nf3 Rh8 15. Kg1 Bd6 16. Bg5 Qe6 17. Nh2 f5 18. Bxh6 Rxh6 19. Qxg7 Rg6 20. Qh8+ Ka7 21. Qh3 Qg8 22. g3 Bc5 23. Kh1 f4 24. g4 Rg7 25. f3 Rh7 26. Qg2 Qg5 27. Rae1 Qh4 28. Re2 b6 29. Rff2 Bxf2 30. Rxf2 Qg5 31. Kg1 c5 32. Qf1 Rh6 33. Qg2 Kb7 34. c3 Rd6 35. Rd2 Qd8 36. Nf1 Qg5 37. b4 c4 38. dxc4 Rh6 39. c5 bxc5 40. bxc5 Qe7 41. Rd5 Kc6 42. Qe2 Kb7 43. Qb2+ Ka7 44. c4 Qh4 45. Qg2 Qe7 46. Qf2 Kb7 47. Qb2+ Ka7 48. Qxe5 Qh7 49. Qxf4 Rh1+ 50. Kf2 Qh4+ 51. Ke2 Qh7 52. c6 Qh3 53. Qe3+ 1-0

[Event "Landesklasse Ost 2025/26"]
[Site "?"]
[Date "2026.03.29"]
[Round "8.5"]
[White "Barth, Christian"]
[Black "Pietsch, Karsten"]
[Result "1/2-1/2"]
[WhiteElo "1707"]
[BlackElo "1706"]
[WhiteFideId "-1"]
[BlackFideId "-1"]
[PlyCount "50"]
[GameId "2294506444256447"]
[EventDate "2025.09.14"]
[EventType "team-tourn"]
[EventRounds "9"]
[SourceTitle "Thueringer Schachbund"]
[Source "ThSB"]
[SourceDate "2025.09.14"]
[SourceVersion "1"]
[SourceVersionDate "2025.09.14"]
[SourceQuality "1"]
[WhiteTeam "SC Rochade Zeulenroda"]
[BlackTeam "TV 1887 Germania Hermsdorf"]

{[%evp 0,50,18,18,18,18,40,18,18,-20,43,-35,24,-20,0,-33,-1,-44,21,6,6,15,38,38,82,32,87,83,75,65,157,0,-31,-9,80,-31,73,48,99,53,114,126,246,198,231,157,150,166,140,123,135,67,79]} 1. e4 e5 2. Nf3 Nc6 3. Bc4 Nf6 4. d3 Bc5 5. O-O d6 6. h3 h6 7. c3 Bb6 8. Re1 g5 9. Be3 g4 10. hxg4 Bxg4 11. Nbd2 Qd7 12. Qa4 Rg8 13. Bxb6 Bxf3 14. Nxf3 Qg4 15. Kf1 cxb6 16. Ke2 Qd7 17. Kf1 Nh5 18. g3 Qh3+ 19. Ke2 Qg4 20. Rh1 Qg6 21. Bd5 Kd7 22. Rh2 Nf6 23. Rah1 h5 24. Rh4 Kc7 25. Bc4 a6 1/2-1/2

[Event "Landesklasse Ost 2025/26"]
[Site "?"]
[Date "2026.03.29"]
[Round "8.6"]
[White "Kretschmann, Ralph"]
[Black "Wolfram, Thomas"]
[Result "0-1"]
[WhiteElo "1402"]
[BlackElo "1700"]
[WhiteFideId "-1"]
[BlackFideId "-1"]
[PlyCount "60"]
[GameId "2294526717359858"]
[EventDate "2025.09.14"]
[EventType "team-tourn"]
[EventRounds "9"]
[SourceTitle "Thueringer Schachbund"]
[Source "ThSB"]
[SourceDate "2025.09.14"]
[SourceVersion "1"]
[SourceVersionDate "2025.09.14"]
[SourceQuality "1"]
[WhiteTeam "TV 1887 Germania Hermsdorf"]
[BlackTeam "SC Rochade Zeulenroda"]

{[%evp 0,60,18,18,90,19,44,-9,34,60,28,30,8,30,27,-21,12,-43,14,-67,-46,-91,-68,-78,-77,-33,-44,-52,-42,-42,-43,-46,-41,-84,-84,-84,-59,-43,-120,-120,-134,-134,-170,-153,-97,-154,-163,-224,-171,-189,-170,-737,-737,-834,-820,-820,-833,-1058,-1059,-1059,-1094,-1094,-1145]} 1. e4 c5 2. c3 d6 3. Bc4 e6 4. Nf3 Nc6 5. O-O Nf6 6. Re1 Be7 7. d3 O-O 8. a3 Qc7 9. Ba2 b5 10. Qc2 Bb7 11. h3 Rac8 12. Be3 d5 13. Nbd2 dxe4 14. Nxe4 Nxe4 15. dxe4 Ne5 16. Nxe5 Qxe5 17. f3 Bd6 18. Rad1 Qh2+ 19. Kf1 Bg3 20. Bg1 Qh1 21. Re3 c4 22. Bb1 Rcd8 23. Rde1 Rd7 24. e5 g6 25. Qf2 Bxf2 26. Kxf2 Rd2+ 27. R3e2 Rfd8 28. Be4 Bxe4 29. fxe4 Rxe2+ 30. Rxe2 Rd1 0-1

[Event "Thüringenliga 2025/26"]
[Site "?"]
[Date "2026.04.26"]
[Round "9.1"]
[White "Naundorf, Johannes"]
[Black "Meitzner, Jonathan Franz"]
[Result "1/2-1/2"]
[WhiteElo "1949"]
[BlackElo "1814"]
[WhiteFideId "-1"]
[BlackFideId "-1"]
[PlyCount "75"]
[GameId "2303519815982217"]
[EventDate "2025.09.14"]
[EventType "team-tourn"]
[EventRounds "9"]
[SourceTitle "Thueringer Schachbund"]
[Source "ThSB"]
[SourceDate "2025.09.14"]
[SourceVersion "1"]
[SourceVersionDate "2025.09.14"]
[SourceQuality "1"]
[WhiteTeam "Meuselwitzer SV"]
[BlackTeam "SC Rochade Leinefelde"]

{[%evp 0,75,19,25,29,-7,5,-15,-17,-17,-12,-12,6,10,47,28,41,18,15,15,39,13,40,38,35,19,18,28,28,-8,37,9,19,16,42,54,67,58,58,51,51,55,57,61,109,70,83,39,72,53,58,42,45,60,52,55,62,65,60,20,61,56,56,60,60,60,60,42,48,48,63,71,78,44,47,23,22,22]} 1. d4 Nf6 2. Bg5 d5 3. Bxf6 exf6 4. e3 Be6 5. Nf3 c6 6. Nbd2 f5 7. Bd3 Bd6 8. O-O Nd7 9. c4 g6 10. Qb3 b6 11. cxd5 cxd5 12. Rac1 O-O 13. Ba6 Rb8 14. a4 h6 15. Nb1 g5 16. Nc3 g4 17. Nd2 Nf6 18. Nb5 Qe7 19. Nxd6 Qxd6 20. Rc2 Ne4 21. Nxe4 fxe4 22. Qc3 Bc8 23. Be2 Be6 24. Qc7 Qxc7 25. Rxc7 a5 26. Rfc1 Rfc8 27. Ba6 Rxc7 28. Rxc7 Kf8 29. Kf1 Ke8 30. Ke2 Kd8 31. Rc6 Kd7 32. Bb5 Kd8 33. f3 exf3+ 34. gxf3 gxf3+ 35. Kxf3 Ke7 36. Kf4 Rc8 37. Rxc8 Bxc8 38. Ke5 1/2-1/2